Nāmah-ʼi ahl-i Khurāsān / (Record no. 50609)

MARC details
000 -LEADER
fixed length control field 00804cam a22002411a 4500
001 - CONTROL NUMBER
control field ne 68002780
003 - CONTROL NUMBER IDENTIFIER
control field DLC
005 - DATE AND TIME OF LATEST TRANSACTION
control field 20260227111844.0
008 - FIXED-LENGTH DATA ELEMENTS--GENERAL INFORMATION
fixed length control field 860131s1968 ir 000 0 per
010 ## - LIBRARY OF CONGRESS CONTROL NUMBER
LC control number ne 68002780
035 ## - SYSTEM CONTROL NUMBER
System control number (OCoLC)13091152
040 ## - CATALOGING SOURCE
Original cataloging agency DLC
Transcribing agency OU
Modifying agency OU
-- DLC
042 ## - AUTHENTICATION CODE
Authentication code premarc
050 00 - LIBRARY OF CONGRESS CALL NUMBER
Classification number PK6561.Y8
Item number N3 1968
100 1# - MAIN ENTRY--PERSONAL NAME
Personal name Yūsufī, Ghulām Ḥusayn.
245 10 - TITLE STATEMENT
Title Nāmah-ʼi ahl-i Khurāsān /
Statement of responsibility, etc. Ghulāmḥusayn Yūsufī.
260 ## - PUBLICATION, DISTRIBUTION, ETC.
Place of publication, distribution, etc. Tihrān :
Name of publisher, distributor, etc. Kitābfurūshī-i Zavvār,
Date of publication, distribution, etc. 1347 [1968]
300 ## - PHYSICAL DESCRIPTION
Extent 6, 271 p. :
Other physical details ill., ports. ;
Dimensions 23 cm.
500 ## - GENERAL NOTE
General note In Persian.
500 ## - GENERAL NOTE
General note "Maqālāt-i adabī ... kih dar bayn-i sālhā-yi 1339 tā 1345 ... dar majallāt-i mukhtalif intishār yāftah ast"
504 ## - BIBLIOGRAPHY, ETC. NOTE
Bibliography, etc. note Bibliography: p. [245]-253.
500 ## - GENERAL NOTE
General note Includes index.

No items available.

Powered by Koha